Afcon 2025 Teams - Statistics

General Stats
  • This quiz has been taken 112 times
  • The average score is 19 of 24
Answer Stats
Founded Answer % Correct
1953 Egypt
98%
1956 Morocco
98%
1962 Algeria
96%
1960 Nigeria
95%
1961 South Africa
92%
1956 Tunisia
91%
1960 Ivory Coast
90%
1960 Senegal
88%
1975 Angola
86%
1956 Sudan
86%
1960 Cameroon
80%
1960 Mali
80%
1964 Zambia
77%
1960 DRC
74%
1980 Zimbabwe
73%
1960 Gabon
72%
1960 Benin
70%
1964 Tanzania
70%
1958 Burkina Faso
67%
1975 Mozambique
67%
1975 Comoros
66%
1962 Uganda
66%
1968 Equatorial Guinea
65%
1966 Botswana
60%
No matching quizzes found
Score Distribution
Percent of People with Each Score
Percentile by Number Answered
Your Score History
You have not taken this quiz